000 00459nam a2200181Ia 4500
008 100920s9999 xx 000 0 und d
082 _b31694
_a11 थ 41
100 _aGILES O. C.
245 _aTHE GESTAPO.
260 _bOXFORD AT THE CLARENDON PRESS.
_c1941
300 _a32
_bसाधी
365 _b0
520 _aएच.पी.बी.
630 _aTHE GESTAPO.
650 _aएच.पी.बी.
730 _aTHE GESTAPO.
942 _cBOOK
999 _c686838
_d686835